Elementary statistics/ (Record no. 1992)
[ view plain ]
| 000 -LEADER | |
|---|---|
| fixed length control field | 00491nam a22001577a 4500 |
| 008 - FIXED-LENGTH DATA ELEMENTS--GENERAL INFORMATION | |
| fixed length control field | 160426b xxu||||| |||| 00| 0 eng d |
| 020 ## - INTERNATIONAL STANDARD BOOK NUMBER | |
| International Standard Book Number | 9789712719585 |
| 082 ## - DEWEY DECIMAL CLASSIFICATION NUMBER | |
| Edition number | 2007 |
| Classification number | DFil 519.5 |
| Item number | B61e |
| 100 ## - MAIN ENTRY--PERSONAL NAME | |
| 9 (RLIN) | 6404 |
| Personal name | Blay, Basilia Ebora |
| 245 ## - TITLE STATEMENT | |
| Title | Elementary statistics/ |
| Statement of responsibility, etc. | Basilia Ebora Blay. |
| 260 ## - PUBLICATION, DISTRIBUTION, ETC. (IMPRINT) | |
| Place of publication, distribution, etc. | Pasig City, Philippines: |
| Name of publisher, distributor, etc. | Anvil Publishing Inc., |
| Date of publication, distribution, etc. | c2007. |
| 300 ## - PHYSICAL DESCRIPTION | |
| Extent | x, 196 pages: |
| Other physical details | illustrations; |
| Dimensions | 28 cm. |
| 650 #0 - SUBJECT ADDED ENTRY--TOPICAL TERM | |
| 9 (RLIN) | 6405 |
| Topical term or geographic name as entry element | Statistics |
| 365 ## - TRADE PRICE | |
| Price amount | 545.00 |
| Currency code | Php |
| 942 ## - ADDED ENTRY ELEMENTS (KOHA) | |
| Source of classification or shelving scheme | Dewey Decimal Classification |
| Koha item type | Filipiniana |
| Withdrawn status | Lost status | Source of classification or shelving scheme | Damaged status | Not for loan | Collection code | Home library | Current library | Shelving location | Date acquired | Source of acquisition | Total Checkouts | Total Renewals | Full call number | Barcode | Date last seen | Date last checked out | Copy number | Price effective from | Koha item type |
|---|---|---|---|---|---|---|---|---|---|---|---|---|---|---|---|---|---|---|---|
| Dewey Decimal Classification | Filipiniana | UM Digos College - LIC | UM Digos College - LIC | Book Cart | 10/24/2008 | Purchased | 9 | 1 | DFil 519.5 B61e 2007 | 19875 | 05/15/2025 | 01/28/2020 | 1 | 04/26/2016 | Filipiniana |
